000 00749nam a22002417a 4500
003 DO-SdBNP
005 20240304143808.0
007 ta
008 220613b2022 dr ||||| |||| 00| 0 spa d
020 _a9789945929980
040 _aDO-SdBNP
_bspa
_cBNPHU
082 4 _aRD863.44
_bG633a
_222
100 1 _aMartín Gómez, Luis,
_d1962-
_923176
245 1 0 _aAna, la princesa y otros cuentos premiados /
_cLuis Martín Gómez
260 _aSanto Domingo :
_bUME,
_c2022.
300 _a150 p. ;
_c19 cm.
500 _aIncluye datos biográficos del autor : p. 151
590 _aInventariado, 2022/BT
650 4 _aCuentos dominicanos
650 4 _aLiteratura dominicana
910 _aBtavárez/Validado. Control de calidad MFF
942 _2ddc
_cLBS1
999 _c52029
_d52029